Bankové tajomstvo a hodnotiaca správa o Slovensku o čom rokovala Rada OECD v Tatrách

Výjazdové zasadnutie Rady OECD v septembri 2003 sa konalo po prvýkrát na Slovensku. Rada schválila dva dokumenty: správu z poslednej poprístupovej previerky Slovenska a správu o bankovom tajomstve a jeho úlohe v obchádzaní daňových povinností.

Salvato in:
Dettagli Bibliografici
Autore principale: Pavlovičová, Iva
Natura: Capitolo di libro
Lingua:slovacco
Soggetti:
Tags: Aggiungi Tag
Nessun Tag, puoi essere il primo ad aggiungerne!!

MARC

LEADER 00000naa$a2200000$$$4500
001 0003313
005 20170905094934.9
041 0 |a slo 
044 |a SK 
245 1 0 |a Bankové tajomstvo a hodnotiaca správa o Slovensku  |b o čom rokovala Rada OECD v Tatrách  |c aut. Iva Pavlovičová 
520 |a Výjazdové zasadnutie Rady OECD v septembri 2003 sa konalo po prvýkrát na Slovensku. Rada schválila dva dokumenty: správu z poslednej poprístupovej previerky Slovenska a správu o bankovom tajomstve a jeho úlohe v obchádzaní daňových povinností. 
610 2 0 |a Slovensko 
610 2 0 |a tajomstvo bankové 
610 2 0 |a dane 
610 2 0 |a offshore 
610 2 0 |a OECD 
100 1 |a Pavlovičová, Iva